We Didn't Start the Fire Lyrics - Statistics

General Stats
  • This quiz has been taken 3,069 times
    3,065 since last reset
  • The average score is 21 of 38
Answer Stats
Lyric Missing Word % Correct
Eisenhower, Vaccine, _______ got a new queen England's
92%
North Korea, South Korea, _______ ________ Marilyn Monroe
83%
Harry Truman, Doris Day, Red ____ Johnny Ray China
82%
Brando, The King And I, and The _______ __ ___ ____ Catcher In The Rye
80%
Rockefeller, Campanella, _________ Bloc Communist
79%
Einstein, James Dean, ________ got a winning team Brooklyn's
74%
_._._. blown away, what else do I have to say JFK
73%
Joe McCarthy, Richard Nixon, Studebaker, _________ Television
73%
South Pacific, Walter Winchell, ___ ________ Joe DiMaggio
68%
Chubby Checker, Psycho, _______ in the Congo Belgians
67%
Davy Crockett, Peter Pan, _____ _______ Disneland Elvis Presley
66%
Rock and Roller cola wars, _ _____ ____ __ _______ I can't take it anymore
65%
Hypodermics on the shores, China's under ______ ___ martial law
65%
Moonshot, Woodstock, Watergate, ____ ____ punk rock
61%
Starkweather Homicide, _________ __ Thalidomide Children of
59%
Pope Paul, ______ _, British Politician sex Malcolm X
58%
Princess Grace, Peyton Place, _______ __ ___ ____ Trouble in the Suez
56%
Dylan, Berlin, ___ __ ____ _______ Bay of Pigs invasion
54%
U2, Syngman Rhee, payola and ________ Kennedy
54%
Dien Bien Phu Falls, ____ _______ ___ _____ Rock Around the Clock
54%
Buddy Holly, Ben Hur, _____ _______, Mafia Space Monkey
54%
Ayatollah's in Iran, _______ __ ___________ Russians in Afghanistan
53%
Marciano, ________, Santayana goodbye Liberace
52%
Bardot, Budapest, ________, Khrushchev Alabama
50%
Wheel of Fortune, Sally Ride, _____ _____ ______ heavy metal suicide
48%
Hula Hoops, _____, Edsel is a no-go Castro
46%
Ole MIss, ____ _____, Liston beats Patterson John Glenn
46%
Birth control, __ ___ ____, Richard Nixon back again Ho Chi Minh
45%
Foreign debts, homeless Vets, ____, _____, Bernie Goetz AIDS, Crack
41%
Begin, _______, Palestine, Terror on the airline Reagan
37%
Little Rock, Pasternak, ______ _______, Kerouac Mickey Mantle
35%
Lebanon, _______ __ _____, California baseball Charles de Gaulle
34%
Roy Cohn, Juan Peron, ________, Dacron Toscanini
34%
Joseph Stalin, _______, Nasser and Prokofiov Malenkov
33%
______, H-Bomb, Sugar Ray, Panmunjom Rosenberg
33%
_______ __ ______, British Beatle mania Lawrence of Arabia
32%
_____, Zhou Enlai, Bridge on the River Kwai Sputnik
30%
__________, Eichmann, Stranger in a Strange Land Hemingway
19%
No matching quizzes found
Score Distribution
Percent of People with Each Score
Percentile by Number Answered
Your Score History
You have not taken this quiz since the last reset